<?xml version="1.0" encoding="UTF-8"?><?xml-stylesheet type="text/xsl" href="static/style.xsl"?><OAI-PMH xmlns="http://www.openarchives.org/OAI/2.0/" xmlns:xsi="http://www.w3.org/2001/XMLSchema-instance" xsi:schemaLocation="http://www.openarchives.org/OAI/2.0/ http://www.openarchives.org/OAI/2.0/OAI-PMH.xsd"><responseDate>2026-06-04T04:41:51Z</responseDate><request verb="GetRecord" identifier="oai:riuma.uma.es:10630/45102" metadataPrefix="marc">https://riuma.uma.es/rest/oai/request</request><GetRecord><record><header><identifier>oai:riuma.uma.es:10630/45102</identifier><datestamp>2026-02-03T00:47:59Z</datestamp><setSpec>com_10630_2254</setSpec><setSpec>col_10630_37956</setSpec></header><metadata><record xmlns="http://www.loc.gov/MARC21/slim" xmlns:dcterms="http://purl.org/dc/terms/" xmlns:doc="http://www.lyncode.com/xoai" xmlns:xsi="http://www.w3.org/2001/XMLSchema-instance" xsi:schemaLocation="http://www.loc.gov/MARC21/slim http://www.loc.gov/standards/marcxml/schema/MARC21slim.xsd">
   <leader>00925njm 22002777a 4500</leader>
   <datafield ind2=" " ind1=" " tag="042">
      <subfield code="a">dc</subfield>
   </datafield>
   <datafield ind2=" " ind1=" " tag="720">
      <subfield code="a">De-Diego-González, Antonio</subfield>
      <subfield code="e">author</subfield>
   </datafield>
   <datafield ind2=" " ind1=" " tag="260">
      <subfield code="c">2026</subfield>
   </datafield>
   <datafield ind2=" " ind1=" " tag="520">
      <subfield code="a">¿Qué sucede cuando recuperamos la mirada tradicional y permitimos que el islam vuelva a hablarnos desde sus propios mundos? Durante siglos, el pensamiento islámico ha sido reducido a filología, política o arqueología, despojándolo de la vitalidad espiritual y ontológica que lo ha sostenido desde sus orígenes. Este libro propone un giro radical: reencontrarnos con un islam vivo, poblado de presencias invisibles, objetos portadores de baraka, cosmologías dinámicas y entidades que cohabitan con los seres humanos en un entramado de relaciones que desborda los límites de la mirada moderna. A medio camino entre la antropología, la filosofía contemporánea y los estudios islámicos, Antonio de Diego González —tras años de investigación y trabajo de campo— ofrece una lectura renovadora del esoterismo islámico: no como superstición ni como un conjunto de reliquias simbólicas, sino como un sistema coherente y vivo de conocimiento, una ontología relacional en la que lo visible y lo invisible se entrelazan y se transforman mutuamente. Más que un ensayo sobre la historia de lo esotérico, esta obra es una invitación a pensar el islam como una cosmopolítica viva, donde lo simbólico, lo espiritual y lo material se articulan de forma inseparable. Una reflexión necesaria en tiempos de crisis global, en los que el ser humano es llamado a recuperar su papel de guardián del mundo. Una obra que invita a cuestionar los límites de nuestra modernidad y a redescubrir el islam tradicional como un universo palpitante, donde conocer implica siempre participar en la transformación del mundo.</subfield>
   </datafield>
   <datafield ind1="8" ind2=" " tag="024">
      <subfield code="a">De Diego González, A. Esoterismo Islámico  Ontología de mundos entrelazados y saberes de lo invisible. Cordoba: Almuzara, 2026</subfield>
   </datafield>
   <datafield ind1="8" ind2=" " tag="024">
      <subfield code="a">979-13-70201-95-1</subfield>
   </datafield>
   <datafield ind1="8" ind2=" " tag="024">
      <subfield code="a">https://hdl.handle.net/10630/45102</subfield>
   </datafield>
   <datafield tag="653" ind2=" " ind1=" ">
      <subfield code="a">Sufismo</subfield>
   </datafield>
   <datafield tag="653" ind2=" " ind1=" ">
      <subfield code="a">Filosofía islámica</subfield>
   </datafield>
   <datafield ind2="0" ind1="0" tag="245">
      <subfield code="a">Esoterismo Islámico: Ontología de mundos entrelazados y saberes de lo invisible</subfield>
   </datafield>
</record>
</metadata></record></GetRecord></OAI-PMH>